000 00461nmm a2200169Ia 4500
008 251105s9999||||xx |||||||||||||||||und||
020 _a9788498165555
041 _aspa
100 _aPalma, Ricardo
245 0 _aTradiciones peruanas III
264 _a[Madrid, España] :
_bLinkgua,
_c2011
300 _a287 páginas
490 _aNarrativa
650 _aLatin American narrative
856 _uhttps://public.digitaliapublishing.com/a/13426
942 _cCF
999 _c91276
_d91276